000 01826 a2200217 4500
003 OSt
005 20180116182832.0
008 160426b xxu||||| |||| 00| 0 eng d
020 _a0787973025 (hardcover)
020 _a9780787973025 (hardcover)
040 _c0
082 0 4 _a658.3124
100 _aMasie, Elliott.
245 1 0 _aLearning rants, raves, and reflections :
_ba collection of passionate and professional perspectives /
_cElliott Masie.
260 _a[S.l.] :
_bPfeiffer,
_c2005.
300 _a336 p. ;
_c24 cm.
520 _aLearning Rants, Raves, and Reflections offers a unique collection of passionate, provocative, and personal stories that show how technology is transforming how we learn today and reveals what we can expect in the future. Written to be highly accessible, this non-technological book about technology provides a general overview of the current world of e-learning and includes real-life case studies, actual examples from organizations, and valuable lessons learned. Learning Rants, Raves, and Reflections also examines the promise and failures e-learning and the evolving tools that are changing the face of training and education. Edited by industry leader Elliott Masie, the book includes seventeen passionate and personal perspectives from today’s most respected learning experts. These learning snapshots reflect the current and future state of the industry. Throughout the book, these expert contributors rant (tell of their experiences when learning was thwarted), rave (recount times when learning was enjoyable and successful), and reflect (thoughtfully explore the nature of learning and the learner)
700 _aMasie, Elliott
856 _3Amazon.com
_uhttp://www.amazon.com/exec/obidos/ASIN/0787973025/chopaconline-2
942 _aNBS
_cBK
_k658.3 ELL
_2ddc
999 _c346921
_d346921